000 01088nam a2200277Ia 4500
003 OSt
005 20221005105928.0
006 a|||||r|||| 00| 0
007 ta
008 221004b |||||||| |||| 00| 0 hin d
020 _a8126005238 (pbk)
_c300
024 _a93139
037 _b493, 19/03/2009, Vani Prakashan
_cTextual
040 _aCRL
_cCRL
_bhin
041 _2hin
_ahin
082 _aO157,3NMT,SPK, 152N8
100 _aतिक्कात्रैन, मैर्ता
245 0 _aइस सदी की प्रेम कहानी
246 _aIs sadī kī prem kahānī
260 _aनई दिल्ली
_bसाहित्य अकादेमी भारत
_c1998
300 _a140पृ0
_ccm.
650 _aबंगाली साहित्य
700 _a नारंग, हरीश, अनु.
942 _hO157,3NMT,SPK, 152N8
_cTEXL
_2cc
999 _c1017300
_d1017300